[Event "PRVA LIGA CS 2020"]
[Site "Bajina basta"]
[Date "2020.10.12"]
[Round "4.1"]
[White "Ivic, Velimir"]
[Black "Celik, Hasan Huseyin"]
[Result "1-0"]
[WhiteElo "2548"]
[BlackElo "1970"]
[PlyCount "123"]
[EventDate "2020.10.10"]
[WhiteTeam "POZEGA - Pozega"]
[BlackTeam "BORAC - Cacak"]

1. c4 c6 2. d4 d5 3. cxd5 cxd5 4. Bf4 Nf6 5. e3 Nc6 6. Bb5 Bd7 7. Nc3 e6 8. Nf3
Be7 9. h3 O-O 10. O-O Qb6 11. Qe2 Rfc8 12. Rac1 Nb4 13. Bxd7 Nxd7 14. a3 Nc6
15. Na4 Qb3 16. Qc2 Qb5 17. Nc3 Qb6 18. Nd2 h6 19. Nb3 Na5 20. Nxa5 Qxa5 21. e4
Nf6 22. Qb3 b6 23. e5 Ne4 24. Nxe4 dxe4 25. Rc2 Rxc2 26. Qxc2 Qd5 27. Be3 Rd8
28. Rc1 f5 29. Qc6 Qd7 30. g4 Kf7 31. Qc4 Qd5 32. Qxd5 Rxd5 33. Rc7 a5 34. gxf5
exf5 35. h4 b5 36. h5 a4 37. Kf1 Ke6 38. Rc6+ Kf7 39. Rc7 Ke6 40. Rc6+ Kf7 41.
Ke2 Ke8 42. f4 Kf7 43. Bf2 Ke8 44. Rb6 Kf7 45. Ke3 Ke8 46. Be1 Kf7 47. Bc3 Ke8
48. Rb7 Kf8 49. Rb8+ Kf7 50. Bb4 Bh4 51. Rb7+ Kg8 52. Rb8+ Kf7 53. Rb7+ Kg8 54.
Bc5 Bg3 55. e6 Rd8 56. d5 Bh2 57. Rd7 Re8 58. Bb4 Bg1+ 59. Ke2 Bh2 60. Bd6 g6
61. hxg6 h5 62. Be5 1-0

[Event "PRVA LIGA CS 2020"]
[Site "Bajina basta"]
[Date "2020.10.12"]
[Round "4.1"]
[White "Irizanin, Radoje"]
[Black "Perunovic, Miodrag"]
[Result "1-0"]
[WhiteElo "2331"]
[BlackElo "2440"]
[PlyCount "80"]
[EventDate "2020.10.10"]
[WhiteTeam "BORAC - Cacak"]
[BlackTeam "POZEGA - Pozega"]

1. d4 Nf6 2. Nf3 g6 3. Bf4 Bg7 4. e3 d6 5. Be2 O-O 6. O-O Nfd7 7. h3 e5 8. Bh2
Nc6 9. c4 f5 10. Nc3 Kh8 11. Rb1 g5 12. d5 Ncb8 13. b4 h6 14. Qc2 Nf6 15. Rfd1
Rf7 16. c5 Ne8 17. Nd2 Nf6 18. Nc4 g4 19. hxg4 Nxg4 20. Bxg4 fxg4 21. cxd6 cxd6
22. Nb5 g3 23. Bxg3 Bg4 24. Nbxd6 Rc7 25. Qg6 Bxd1 26. Rxd1 Qf6 27. Qxf6 Bxf6
28. Nxe5 Na6 29. Ne4 Bd8 30. Ng6+ Kg7 31. Bxc7 Bxc7 32. Nf4 Bxf4 33. exf4 Nxb4
34. d6 Kf7 35. Nc5 b6 36. d7 Nc6 37. Nb7 Nd8 38. Rc1 Rb8 39. Nd6+ Ke6 40. Rc8
Nc6 1-0

[Event "PRVA LIGA CS 2020"]
[Site "Bajina basta"]
[Date "2020.10.12"]
[Round "4.1"]
[White "Pavlovic, Dejan S"]
[Black "Marinkovic, Ivan"]
[Result "1-0"]
[WhiteElo "2390"]
[BlackElo "2451"]
[PlyCount "67"]
[EventDate "2020.10.10"]
[WhiteTeam "POZEGA - Pozega"]
[BlackTeam "BORAC - Cacak"]

1. e4 Nf6 2. e5 Nd5 3. d4 d6 4. Nf3 g6 5. Bc4 Nb6 6. Bb3 Bg7 7. O-O O-O 8. h3
dxe5 9. Nxe5 Bxe5 10. dxe5 Qxd1 11. Rxd1 Nc6 12. Nc3 Bd7 13. a4 Na5 14. Ba2 Nc6
15. Bh6 Rfd8 16. a5 Nxa5 17. e6 fxe6 18. Rxd7 Nxd7 19. Bxe6+ Kh8 20. Rxa5 Nf6
21. Bf4 c6 22. Be5 Kg7 23. Bb3 Kf8 24. g4 a6 25. Ra4 Ke8 26. Rf4 Nd5 27. Nxd5
cxd5 28. g5 e6 29. h4 Rd7 30. h5 Rf7 31. Rh4 Kd7 32. hxg6 hxg6 33. Rh6 Rg8 34.
f4 1-0

[Event "PRVA LIGA CS 2020"]
[Site "Bajina basta"]
[Date "2020.10.12"]
[Round "4.1"]
[White "Marcetic, Nikola"]
[Black "Gavrilovic, Leonardo"]
[Result "1-0"]
[WhiteElo "2329"]
[BlackElo "2246"]
[PlyCount "59"]
[EventDate "2020.10.10"]
[WhiteTeam "POZEGA - Pozega"]
[BlackTeam "BORAC - Cacak"]

1. d4 Nf6 2. Bg5 Ne4 3. Bf4 d5 4. e3 e6 5. Bd3 c5 6. Bxe4 dxe4 7. Nc3 cxd4 8.
Qxd4 Qxd4 9. exd4 Bb4 10. Nge2 Bd7 11. O-O-O Bc6 12. d5 exd5 13. Nxd5 Bxd5 14.
Rxd5 Nc6 15. Ng3 O-O 16. Nxe4 Rfe8 17. Ng3 g6 18. c3 Bf8 19. Rhd1 Rac8 20. Rd7
Nd8 21. Be3 Ra8 22. Ne4 Be7 23. Nd6 Bxd6 24. R1xd6 b6 25. a4 f5 26. Rf6 Ne6 27.
Rff7 h5 28. Rxa7 f4 29. Bxb6 Rxa7 30. Rxa7 1-0

[Event "PRVA LIGA CS 2020"]
[Site "Bajina basta"]
[Date "2020.10.12"]
[Round "4.1"]
[White "Dimitrijevic, Ivan"]
[Black "Zivkovic, Ivan B"]
[Result "1/2-1/2"]
[WhiteElo "2099"]
[BlackElo "2330"]
[PlyCount "38"]
[EventDate "2020.10.10"]
[WhiteTeam "BORAC - Cacak"]
[BlackTeam "POZEGA - Pozega"]

1. c4 e5 2. Nc3 Nf6 3. e4 Bc5 4. Be2 d6 5. d3 Nc6 6. Nf3 h6 7. O-O O-O 8. h3 a6
9. Be3 Nd4 10. Bxd4 exd4 11. Nb1 b5 12. Nbd2 Bb6 13. cxb5 axb5 14. a3 Re8 15.
Re1 c5 16. Bf1 Bd7 17. g3 Rc8 18. Rc1 Be6 19. Bg2 Nd7 1/2-1/2

[Event "PRVA LIGA CS 2020"]
[Site "Bajina basta"]
[Date "2020.10.12"]
[Round "4.2"]
[White "Dudin, Gleb"]
[Black "Narancic, Vlado"]
[Result "1-0"]
[WhiteElo "2386"]
[BlackElo "2281"]
[PlyCount "63"]
[EventDate "2020.10.10"]
[WhiteTeam "OSK PARACIN - Paracin"]
[BlackTeam "VSK SVETI NIKOLAJ SRPSKI - Valjevo"]

1. d4 Nf6 2. c4 g6 3. Nc3 Bg7 4. e4 d6 5. Nf3 c6 6. h3 O-O 7. Be3 a6 8. Bd3
Nbd7 9. O-O b5 10. b3 Bb7 11. Qc2 Rc8 12. Rac1 b4 13. Na4 c5 14. dxc5 Nxc5 15.
Nxc5 dxc5 16. e5 Ne8 17. Be4 Qb6 18. Rcd1 Bc6 19. Bxc6 Rxc6 20. Rd7 Re6 21. Rd5
Rc6 22. Rd7 Re6 23. Bg5 f6 24. Be3 Nc7 25. Rfd1 Re8 26. h4 Rc6 27. exf6 exf6
28. h5 f5 29. Rxg7+ Kxg7 30. Rd7+ Kg8 31. Qb2 Ne6 32. Qf6 1-0

[Event "PRVA LIGA CS 2020"]
[Site "Bajina basta"]
[Date "2020.10.12"]
[Round "4.2"]
[White "Djoric, Dusan"]
[Black "Djordjevic, Vuk"]
[Result "0-1"]
[WhiteElo "2303"]
[BlackElo "2347"]
[PlyCount "162"]
[EventDate "2020.10.10"]
[WhiteTeam "VSK SVETI NIKOLAJ SRPSKI - Valjevo"]
[BlackTeam "OSK PARACIN - Paracin"]

1. e4 e6 2. d4 d5 3. exd5 exd5 4. c4 Nf6 5. Nc3 Be7 6. Nf3 O-O 7. cxd5 Nbd7 8.
Bd3 Nb6 9. h3 Nfxd5 10. O-O Be6 11. Ne4 h6 12. Nc5 Bxc5 13. dxc5 Nd7 14. Bb1 c6
15. Qc2 N7f6 16. a3 Qc7 17. Qa4 Rfe8 18. Bd2 Qd7 19. Qh4 Bf5 20. Bxf5 Qxf5 21.
Rfe1 Re4 22. Rxe4 Nxe4 23. b4 a5 24. Re1 Nxd2 25. Nxd2 Qd3 26. Nc4 Qc3 27. Qe4
axb4 28. axb4 Qxb4 29. Nd6 Qxc5 30. Nxb7 Qb4 31. Qxb4 Nxb4 32. Re4 Nd5 33. Rc4
Ra6 34. Nd8 Ne7 35. Nb7 Ra7 36. Nc5 f6 37. Ne6 Rd7 38. g4 Rd6 39. Nc5 Kf7 40.
f4 g6 41. Kf2 Rd2+ 42. Kf3 Ra2 43. Nb7 Rd2 44. Ke3 Rd7 45. Na5 Rd6 46. Nb7 Rd5
47. Nc5 Rd1 48. Nd3 Rh1 49. Nf2 Rb1 50. Nd3 Rh1 51. Nf2 Ra1 52. Nd3 Ke6 53.
Re4+ Kd6 54. Kd2 Ra2+ 55. Ke1 Nd5 56. f5 gxf5 57. gxf5 Ra3 58. Kd2 Ra2+ 59. Ke1
Rg2 60. Rh4 c5 61. Rc4 Rg3 62. Nxc5 Rxh3 63. Ne4+ Ke5 64. Nf2 Rh5 65. Ng4+ Kxf5
66. Nf2 Kg6 67. Rc8 Rf5 68. Rg8+ Kf7 69. Rd8 h5 70. Kf1 Ne3+ 71. Kg1 Rg5+ 72.
Kh1 Ra5 73. Nh3 Ra4 74. Kg1 Kg6 75. Kf2 Ng4+ 76. Kg3 Ra3+ 77. Kh4 Ne5 78. Rg8+
Kf7 79. Rg3 Ng6+ 80. Rxg6 Kxg6 81. Nf4+ Kh6 0-1

[Event "PRVA LIGA CS 2020"]
[Site "Bajina basta"]
[Date "2020.10.12"]
[Round "4.2"]
[White "Brankovic, Dejan"]
[Black "Bozic, Milan"]
[Result "0-1"]
[WhiteElo "2300"]
[BlackElo "2270"]
[PlyCount "68"]
[EventDate "2020.10.10"]
[WhiteTeam "OSK PARACIN - Paracin"]
[BlackTeam "VSK SVETI NIKOLAJ SRPSKI - Valjevo"]

1. e4 c6 2. d4 d6 3. Nf3 Qc7 4. Bc4 e5 5. O-O Be7 6. Nc3 Bg4 7. dxe5 dxe5 8. h3
Bh5 9. g4 Bg6 10. a3 Nd7 11. Re1 Rd8 12. Qe2 a5 13. Rb1 b5 14. Ba2 h5 15. g5 h4
16. Qf1 Nc5 17. b4 axb4 18. axb4 Ne6 19. Bxe6 fxe6 20. Qg2 Bh5 21. Nxh4 Rd4 22.
Na2 Rc4 23. c3 Bd6 24. Bd2 Ne7 25. Nc1 Nd5 26. Ra1 O-O 27. Qg3 Nf4 28. Kh2 c5
29. Ra2 cxb4 30. cxb4 Bxb4 31. Bxb4 Rxb4 32. Qe3 Qd8 33. Ra7 Rb2 34. Qc5 Ng6
0-1

[Event "PRVA LIGA CS 2020"]
[Site "Bajina basta"]
[Date "2020.10.12"]
[Round "4.2"]
[White "Popovic, Nenad"]
[Black "Topalov, Aleksandar"]
[Result "0-1"]
[WhiteElo "2249"]
[BlackElo "2228"]
[PlyCount "85"]
[EventDate "2020.10.10"]
[WhiteTeam "VSK SVETI NIKOLAJ SRPSKI - Valjevo"]
[BlackTeam "OSK PARACIN - Paracin"]

1. d4 Nf6 2. c4 c5 3. d5 d6 4. Nc3 g6 5. e4 Bg7 6. f3 O-O 7. Bg5 h6 8. Be3 e6
9. dxe6 Bxe6 10. Qd2 Nc6 11. O-O-O Ne5 12. b3 Kh7 13. Nge2 Bxc4 14. bxc4 Nxc4
15. Qd3 Nxe3 16. Qxe3 Qa5 17. Rxd6 Rfd8 18. Rxd8 Rxd8 19. Kc2 c4 20. Nc1 b5 21.
Be2 b4 22. Bxc4 bxc3 23. Rd1 Rc8 24. Bb3 Qa3 25. Nd3 Nd7 26. Qc1 Qe7 27. Qf4
Kg8 28. Qg4 Rb8 29. Rb1 Rb6 30. h4 h5 31. Qf4 Ne5 32. Nc1 Qc5 33. Nd3 Nxd3 34.
Kxd3 Qb5+ 35. Ke3 Kh7 36. Qxf7 Rd6 37. Qc4 Qb6+ 38. Kf4 Qf2 39. Qg8+ Kh6 40.
Be6 Qxh4+ 41. Ke3 Qg5+ 42. f4 Qg3+ 43. Ke2 0-1

[Event "PRVA LIGA CS 2020"]
[Site "Bajina basta"]
[Date "2020.10.12"]
[Round "4.3"]
[White "Delchev, Aleksander"]
[Black "Brenjo, Slavisa"]
[Result "1-0"]
[WhiteElo "2548"]
[BlackElo "2412"]
[PlyCount "77"]
[EventDate "2020.10.10"]
[WhiteTeam "RADNICKI VODOVOD - Kragujevac"]
[BlackTeam "SLOGA - Kraljevo"]

1. Nf3 Nf6 2. d4 g6 3. Nbd2 Bg7 4. e4 d6 5. Bd3 O-O 6. O-O Nc6 7. c3 e5 8. Re1
h6 9. Nf1 exd4 10. Nxd4 Ne5 11. Bc2 c5 12. Nb5 Ne8 13. Na3 Rb8 14. f4 Nc6 15.
Nc4 b5 16. Nce3 b4 17. Bd2 Nf6 18. Qf3 Bb7 19. Rad1 Re8 20. Ng3 bxc3 21. bxc3
Na5 22. Bc1 h5 23. h4 Bf8 24. f5 Re5 25. Rf1 Bg7 26. Nd5 Bxd5 27. exd5 Ng4 28.
Bg5 Qe8 29. fxg6 fxg6 30. Nxh5 Rxg5 31. hxg5 Qe3+ 32. Qxe3 Nxe3 33. Bxg6 Nxd1
34. Bf7+ Kh7 35. Rxd1 Bxc3 36. Rd3 Bd4+ 37. Rxd4 cxd4 38. g6+ Kh6 39. g7 1-0

[Event "PRVA LIGA CS 2020"]
[Site "Bajina basta"]
[Date "2020.10.12"]
[Round "4.3"]
[White "Dizdarevic, Emir"]
[Black "Radovanovic, Mihajlo"]
[Result "1-0"]
[WhiteElo "2444"]
[BlackElo "2457"]
[PlyCount "103"]
[EventDate "2020.10.10"]
[WhiteTeam "SLOGA - Kraljevo"]
[BlackTeam "RADNICKI VODOVOD - Kragujevac"]

1. Nf3 Nf6 2. b3 g6 3. Bb2 Bg7 4. g3 O-O 5. Bg2 d6 6. d4 b5 7. c4 bxc4 8. Nfd2
c6 9. Nxc4 Bb7 10. b4 Nbd7 11. O-O Rb8 12. Nbd2 Ba8 13. a3 Rb5 14. Qa4 Qb8 15.
Rac1 Rc8 16. Ba1 Nd5 17. Qc2 c5 18. bxc5 dxc5 19. e4 N5b6 20. d5 Bxa1 21. Rxa1
Nxc4 22. Nxc4 Nb6 23. Rfc1 Nxc4 24. Qxc4 Qb6 25. h4 Bb7 26. e5 Rb2 27. Ra2 Ba6
28. Rxb2 Qxb2 29. Qc3 Qxc3 30. Rxc3 c4 31. Kf1 Rc5 32. Ke2 e6 33. Ke3 exd5 34.
Kd4 Rb5 35. Bxd5 Rb2 36. f4 Rd2+ 37. Kc5 Rd3 38. Rxd3 cxd3 39. Kd4 Kg7 40. Ke3
f6 41. Be4 fxe5 42. fxe5 d2 43. Kxd2 Kf7 44. Ke3 h6 45. Kf4 Bb5 46. g4 Be8 47.
g5 h5 48. Bd5+ Ke7 49. Ke3 Kd7 50. Kd4 Kc7 51. Kc5 Ba4 52. Bf7 1-0

[Event "PRVA LIGA CS 2020"]
[Site "Bajina basta"]
[Date "2020.10.12"]
[Round "4.3"]
[White "Radovanovic, Nikola"]
[Black "Vratonjic, Slobo"]
[Result "1-0"]
[WhiteElo "2377"]
[BlackElo "2341"]
[PlyCount "63"]
[EventDate "2020.10.10"]
[WhiteTeam "RADNICKI VODOVOD - Kragujevac"]
[BlackTeam "SLOGA - Kraljevo"]

1. e4 c5 2. Nf3 e6 3. d4 cxd4 4. Nxd4 Nc6 5. Nc3 Qc7 6. Be3 a6 7. Qf3 Nf6 8.
O-O-O Be7 9. Nxc6 bxc6 10. g4 d5 11. g5 Nd7 12. Kb1 Rb8 13. Bc1 O-O 14. h4 f5
15. exf5 exf5 16. Bg2 Ne5 17. Qe2 f4 18. Bxd5+ Kh8 19. f3 Bb4 20. Bb3 Bxc3 21.
bxc3 c5 22. Rhe1 Nc6 23. Bb2 Bb7 24. h5 Na5 25. c4 Nc6 26. h6 Nd4 27. Rxd4 cxd4
28. Bxd4 Rfd8 29. Bxg7+ Kg8 30. Be5 Qd7 31. Bxb8 Rxb8 32. Qe5 1-0

[Event "PRVA LIGA CS 2020"]
[Site "Bajina basta"]
[Date "2020.10.12"]
[Round "4.3"]
[White "Simonovic, Aleksandar"]
[Black "Radovic, Janko"]
[Result "1/2-1/2"]
[WhiteElo "2375"]
[BlackElo "2433"]
[PlyCount "37"]
[EventDate "2020.10.10"]
[WhiteTeam "SLOGA - Kraljevo"]
[BlackTeam "RADNICKI VODOVOD - Kragujevac"]

1. e4 c5 2. Nf3 d6 3. Bb5+ Nd7 4. O-O a6 5. Bxd7+ Bxd7 6. d4 cxd4 7. Qxd4 e5 8.
Qd3 h6 9. c4 b5 10. Nc3 bxc4 11. Qxc4 Nf6 12. Re1 Be7 13. b3 O-O 14. Bb2 Qa5
15. Qd3 Rfc8 16. Nd2 Be6 17. Nf1 Bd8 18. Ne3 Bb6 19. h3 1/2-1/2

[Event "PRVA LIGA CS 2020"]
[Site "Bajina basta"]
[Date "2020.10.12"]
[Round "4.3"]
[White "Radovic, Luka"]
[Black "Ravic, Nenad"]
[Result "1-0"]
[WhiteElo "2334"]
[BlackElo "2241"]
[PlyCount "63"]
[EventDate "2020.10.10"]
[WhiteTeam "RADNICKI VODOVOD - Kragujevac"]
[BlackTeam "SLOGA - Kraljevo"]

1. Nf3 Nf6 2. g3 g6 3. Bg2 Bg7 4. O-O O-O 5. c4 d6 6. d4 a6 7. Nc3 Nc6 8. h3
Rb8 9. e4 b5 10. cxb5 axb5 11. Re1 b4 12. Nd5 Nd7 13. Bg5 Re8 14. Qd2 Na5 15.
Rac1 c6 16. Nxb4 Qb6 17. Nd3 Ba6 18. b3 Bxd4 19. Nxd4 Qxd4 20. Qxa5 Bxd3 21.
Red1 Rb5 22. Qd2 Ne5 23. Be3 Qb4 24. f4 Bxe4 25. Qxb4 Rxb4 26. fxe5 Bxg2 27.
Kxg2 Re4 28. Kf3 Rxe5 29. Rxc6 Ra5 30. a4 Rb8 31. Rb6 Rc8 32. Rc1 1-0

[Event "PRVA LIGA CS 2020"]
[Site "Bajina basta"]
[Date "2020.10.12"]
[Round "4.3"]
[White "Djakovac, Enes"]
[Black "Zlatanovic, Boroljub"]
[Result "1/2-1/2"]
[WhiteElo "2165"]
[BlackElo "2372"]
[PlyCount "115"]
[EventDate "2020.10.10"]
[WhiteTeam "SLOGA - Kraljevo"]
[BlackTeam "RADNICKI VODOVOD - Kragujevac"]

1. e4 e6 2. d4 d5 3. Nd2 Nc6 4. c3 e5 5. exd5 Qxd5 6. dxe5 Nxe5 7. Ngf3 Nd3+ 8.
Bxd3 Qxd3 9. Qe2+ Qxe2+ 10. Kxe2 f6 11. Re1 Kf7 12. Kf1 Ne7 13. Ne4 Ng6 14. h3
Be7 15. Be3 Bf5 16. Ng3 Bd3+ 17. Kg1 c5 18. Rad1 Rhd8 19. Rd2 b6 20. h4 Nf8 21.
Red1 Bc2 22. Rxd8 Rxd8 23. Rxd8 Bxd8 24. Kf1 Bb1 25. a3 Bd3+ 26. Ke1 Bc7 27.
Kd2 Bb5 28. Ne2 Ne6 29. b3 Bc6 30. Ne1 h5 31. g3 g5 32. Nd3 Kg6 33. hxg5 fxg5
34. f4 Kf5 35. fxg5 Nxg5 36. Bxg5 Kxg5 37. Ke3 a5 38. b4 Bb5 39. Ndf4 Bc4 40.
Kf3 cxb4 41. cxb4 axb4 42. axb4 Bd6 43. Nc3 Bxb4 44. Ne4+ Kh6 45. g4 hxg4+ 46.
Kxg4 b5 47. Kf5 Bf8 48. Ke5 b4 49. Kd4 Ba6 50. Ne6 Be7 51. N6c5 Bb5 52. Nd3 Bf8
53. Nec5 Bg7+ 54. Ke3 Bf8 55. Kd4 Bg7+ 56. Ke3 Bc3 57. Ne4 Bxd3 58. Kxd3
1/2-1/2

[Event "PRVA LIGA CS 2020"]
[Site "Bajina basta"]
[Date "2020.10.12"]
[Round "4.4"]
[White "Ostojic, Nikola"]
[Black "Spasic, Petar"]
[Result "1/2-1/2"]
[WhiteElo "2406"]
[BlackElo "2251"]
[PlyCount "39"]
[EventDate "2020.10.10"]
[WhiteTeam "METALAC - G.Milanovac"]
[BlackTeam "RADNIK Surdulica"]

1. d4 c5 2. d5 Na6 3. e4 d6 4. c4 Nc7 5. Nc3 e5 6. dxe6 Bxe6 7. Nf3 Ne7 8. Be2
Nc6 9. h3 Be7 10. Nd5 Ne5 11. Nd2 O-O 12. O-O f5 13. f4 Nc6 14. Bd3 Nd4 15. Nf3
Bxd5 16. cxd5 Bf6 17. Rb1 Re8 18. Kh2 Qd7 19. b3 b5 20. Nxd4 1/2-1/2

[Event "PRVA LIGA CS 2020"]
[Site "Bajina basta"]
[Date "2020.10.12"]
[Round "4.4"]
[White "Djordjevic, Miroslav"]
[Black "Solomunovic, Igor"]
[Result "0-1"]
[WhiteElo "1885"]
[BlackElo "2355"]
[PlyCount "66"]
[EventDate "2020.10.10"]
[WhiteTeam "RADNIK Surdulica"]
[BlackTeam "METALAC - G.Milanovac"]

1. f4 d5 2. Nf3 g6 3. e3 Bg7 4. d3 c5 5. Be2 Nc6 6. O-O Nf6 7. c3 O-O 8. Qc2
Qc7 9. e4 e5 10. fxe5 Nxe5 11. Nxe5 Qxe5 12. Bf4 Qe7 13. e5 Ng4 14. d4 f6 15.
exf6 Bxf6 16. Bf3 cxd4 17. Bxd5+ Kg7 18. Qe4 Qc5 19. b4 Qb6 20. c4 Bf5 21. Qe1
Rae8 22. Qd2 Re2 23. c5 Qa6 24. Qc1 d3 25. Nd2 Bd4+ 26. Kh1 Qf6 27. Rb1 Ne3 28.
Nc4 Nxd5 29. Bh6+ Kg8 30. Nd6 Be3 31. Qc4 Bxh6 32. Qxd5+ Qe6 33. Nxf5 Qxd5 0-1

[Event "PRVA LIGA CS 2020"]
[Site "Bajina basta"]
[Date "2020.10.12"]
[Round "4.4"]
[White "Rabrenovic, Vladan"]
[Black "Banjovic, Sasa"]
[Result "1-0"]
[WhiteElo "2302"]
[BlackElo "2121"]
[PlyCount "97"]
[EventDate "2020.10.10"]
[WhiteTeam "METALAC - G.Milanovac"]
[BlackTeam "RADNIK Surdulica"]

1. d4 e6 2. Nf3 f5 3. g3 Nf6 4. Bg2 Be7 5. O-O O-O 6. c4 d6 7. b3 a5 8. a3 c6
9. Bb2 d5 10. Nbd2 Na6 11. Ne5 Bd7 12. Rc1 Rc8 13. Ndf3 Ne4 14. Rc2 Be8 15. Nd3
Bh5 16. Nfe5 Bd6 17. f3 Nf6 18. c5 Bxe5 19. Nxe5 Nd7 20. Nd3 Nc7 21. a4 Ne8 22.
Qd2 Ra8 23. Bc3 Kh8 24. Rb1 Bf7 25. b4 axb4 26. Rxb4 b6 27. Rcb2 Ra6 28. Qe3
Nef6 29. Bf1 Qc7 30. Ne5 Bg8 31. Nxd7 Nxd7 32. cxb6 Nxb6 33. Rxb6 Rxb6 34. Ba5
Qxg3+ 35. hxg3 Rxb2 36. Bc7 Rb7 37. Be5 Ra8 38. Qc3 Rxa4 39. Qxc6 Rba7 40. Qc1
Ra1 41. Qg5 Rb1 42. Kf2 Rbb7 43. Bh3 Ra8 44. g4 fxg4 45. Bxg4 Ra6 46. Qd8 Rba7
47. Bh5 h6 48. Bg6 Rc6 49. Qh4 1-0

[Event "PRVA LIGA CS 2020"]
[Site "Bajina basta"]
[Date "2020.10.12"]
[Round "4.4"]
[White "Dimitrijevic, Zoran"]
[Black "Colovic, Dusan"]
[Result "0-1"]
[WhiteElo "2088"]
[BlackElo "2255"]
[PlyCount "63"]
[EventDate "2020.10.10"]
[WhiteTeam "RADNIK Surdulica"]
[BlackTeam "METALAC - G.Milanovac"]

1. d4 d6 2. Nf3 g6 3. e4 Bg7 4. c4 e5 5. dxe5 dxe5 6. Qxd8+ Kxd8 7. Nc3 c6 8.
Be3 f6 9. O-O-O+ Ke8 10. Be2 Nh6 11. h3 Nf7 12. Nd2 Be6 13. Nb3 b6 14. Kc2 Nd7
15. Rd2 Ke7 16. Rhd1 Rad8 17. c5 Bh6 18. Bxh6 Nxh6 19. cxb6 axb6 20. Rd6 Rc8
21. Ba6 Rc7 22. Be2 Nf7 23. R6d2 Ra7 24. h4 b5 25. a3 Rb8 26. Nc1 b4 27. axb4
Rxb4 28. f3 Nc5 29. Nd3 Bb3+ 30. Kb1 Nxd3 31. Bxd3 Bxd1 32. Rxd1 0-1

[Event "PRVA LIGA CS 2020"]
[Site "Bajina basta"]
[Date "2020.10.12"]
[Round "4.4"]
[White "Mijatovic, Dusan"]
[Black "Veselinov, Ivica"]
[Result "1-0"]
[WhiteElo "2177"]
[BlackElo "1836"]
[PlyCount "67"]
[EventDate "2020.10.10"]
[WhiteTeam "METALAC - G.Milanovac"]
[BlackTeam "RADNIK Surdulica"]

1. e4 d5 2. exd5 Qxd5 3. Nc3 Qa5 4. Nf3 Bf5 5. b4 Qb6 6. Nd5 Qd6 7. Ne3 Bg6 8.
Bb2 Nf6 9. a3 c6 10. Be2 Nbd7 11. d4 e6 12. c4 Be7 13. Qb3 O-O 14. O-O Bh5 15.
Rad1 Qc7 16. Rc1 Ne4 17. Rfd1 Bd6 18. h3 Ndf6 19. d5 c5 20. Qc2 Bg6 21. Bd3 Bf4
22. Bxf6 Nxf6 23. dxe6 fxe6 24. Bxg6 hxg6 25. Qxg6 cxb4 26. axb4 Qb6 27. Nd4
Rae8 28. Rb1 Qc7 29. c5 Qe5 30. Nc4 Qd5 31. Nd6 Bxd6 32. cxd6 Qxd6 33. Nf5 Qc7
34. Rbc1 1-0

[Event "PRVA LIGA CS 2020"]
[Site "Bajina basta"]
[Date "2020.10.12"]
[Round "4.5"]
[White "Dimitrov, Radoslav"]
[Black "Budisavljevic, Luka"]
[Result "0-1"]
[WhiteElo "2507"]
[BlackElo "2454"]
[PlyCount "112"]
[EventDate "2020.10.10"]
[WhiteTeam "VSK 2005 - Valjevo"]
[BlackTeam "RUDAR - Kostolac"]

1. c4 c5 2. Nc3 Nc6 3. g3 g6 4. Bg2 Bg7 5. Nf3 e6 6. d4 Nxd4 7. Nxd4 cxd4 8.
Nb5 Qb6 9. e3 d5 10. Nxd4 dxc4 11. Qa4+ Bd7 12. Qxc4 Ne7 13. O-O e5 14. Ne2 Bb5
15. Qc2 Rc8 16. Qd1 O-O 17. Re1 Rfd8 18. Bd2 Ba6 19. Nc1 Qxb2 20. Nb3 Rc2 21.
Qf3 Rcxd2 22. Nxd2 Qxd2 23. Red1 Qa5 24. Rac1 Nf5 25. Qg4 Bf8 26. Rxd8 Qxd8 27.
Rd1 Qc7 28. Qa4 Nd6 29. Bd5 Qc5 30. Qb3 e4 31. h4 Be2 32. Re1 Bf3 33. Bxb7 g5
34. Bd5 gxh4 35. gxh4 Qa5 36. Rd1 Bxd1 37. Qxd1 Qc3 38. Bb3 Qf6 39. h5 Be7 40.
Kf1 Qg5 41. Qd4 a5 42. Qa7 Kg7 43. a4 Qe5 44. Qa8 Qxh5 45. Qa7 Qe5 46. Qd7 h5
47. Bd1 Bh4 48. Qh3 Qf6 49. Qh2 Kh6 50. Be2 Nf5 51. Kg1 Qg5+ 52. Kf1 Ng7 53.
Bc4 Qf6 54. Bxf7 Nf5 55. Bb3 Nxe3+ 56. Ke2 Ng4 0-1

[Event "PRVA LIGA CS 2020"]
[Site "Bajina basta"]
[Date "2020.10.12"]
[Round "4.5"]
[White "Maksimovic, Bojan"]
[Black "Markovic, Miroslav"]
[Result "1-0"]
[WhiteElo "2398"]
[BlackElo "2372"]
[PlyCount "67"]
[EventDate "2020.10.10"]
[WhiteTeam "RUDAR - Kostolac"]
[BlackTeam "VSK 2005 - Valjevo"]

1. e4 g6 2. d4 Bg7 3. Nc3 d6 4. f4 a6 5. Nf3 b5 6. Bd3 Nd7 7. a4 b4 8. Ne2 c5
9. c3 Bb7 10. O-O Rc8 11. Bd2 c4 12. Bb1 b3 13. e5 e6 14. Ng3 Ne7 15. Ng5 O-O
16. N3e4 Bxe4 17. Bxe4 h6 18. Nh3 d5 19. Bf3 a5 20. g4 Nb6 21. f5 exf5 22. gxf5
Nxf5 23. Bg4 Rc6 24. Bxf5 gxf5 25. Nf4 Qh4 26. Kh1 Rg6 27. Qf3 Rd8 28. e6 Rxe6
29. Nxe6 fxe6 30. Bf4 Rd7 31. Rg1 Kh7 32. Rae1 Nxa4 33. Rxe6 Nxb2 34. Bg5 1-0

[Event "PRVA LIGA CS 2020"]
[Site "Bajina basta"]
[Date "2020.10.12"]
[Round "4.5"]
[White "Savic, Miodrag R"]
[Black "Jovanovic, Dusan D"]
[Result "1-0"]
[WhiteElo "2433"]
[BlackElo "2412"]
[PlyCount "113"]
[EventDate "2020.10.10"]
[WhiteTeam "VSK 2005 - Valjevo"]
[BlackTeam "RUDAR - Kostolac"]

1. e4 e5 2. Nf3 Nc6 3. Bc4 Bc5 4. O-O d6 5. c3 Nf6 6. d3 O-O 7. Bb3 h6 8. Re1
a5 9. h3 Be6 10. Nbd2 Ba7 11. Nf1 Qd7 12. Ba4 Qc8 13. Bxc6 bxc6 14. d4 exd4 15.
Nxd4 c5 16. Nc6 Qd7 17. Nxa7 Rxa7 18. Qf3 Qe7 19. e5 dxe5 20. Rxe5 Nd7 21. Re1
Rb8 22. Qg3 Qf6 23. b3 c4 24. Be3 Rab7 25. bxc4 Bxc4 26. Nd2 Be6 27. Bf4 Rc8
28. a4 g5 29. Be5 Qf5 30. Nf3 c5 31. Rad1 Nf8 32. Nh4 Qh7 33. f4 Ng6 34. fxg5
hxg5 35. Nf3 g4 36. hxg4 Qh6 37. g5 Qh5 38. Bf6 Qg4 39. Qxg4 Bxg4 40. Kf2 Bd7
41. Rh1 Rb2+ 42. Kg3 Bxa4 43. Ra1 Bc6 44. Rxa5 Be4 45. Rh2 Bxf3 46. gxf3 Rxh2
47. Kxh2 Nf4 48. c4 Kh7 49. Be7 Nd3 50. Ra6 Rg8 51. Rh6+ Kg7 52. Bf6+ Kf8 53.
Kg3 Ke8 54. Rh1 Nb4 55. Rd1 Nc6 56. Rd6 Ne7 57. Kg4 1-0

[Event "PRVA LIGA CS 2020"]
[Site "Bajina basta"]
[Date "2020.10.12"]
[Round "4.5"]
[White "Ivanovic, Marko"]
[Black "Todorovic, Goran M"]
[Result "0-1"]
[WhiteElo "2277"]
[BlackElo "2404"]
[PlyCount "78"]
[EventDate "2020.10.10"]
[WhiteTeam "RUDAR - Kostolac"]
[BlackTeam "VSK 2005 - Valjevo"]

1. d4 d5 2. c4 e6 3. Nf3 Nf6 4. Nc3 c6 5. e3 Nbd7 6. Qc2 Bd6 7. g4 O-O 8. g5
Nh5 9. Bd2 b6 10. Be2 g6 11. h4 Bb7 12. cxd5 exd5 13. O-O-O b5 14. Kb1 Rc8 15.
Ne5 Bxe5 16. dxe5 Nxe5 17. Bxh5 gxh5 18. Ne2 Qd6 19. f4 Ng4 20. Ng3 c5 21. Rhg1
f5 22. gxf6 Kh8 23. Nxh5 Nxf6 24. Nxf6 Qxf6 25. Rg5 b4 26. b3 a5 27. Bc1 c4 28.
e4 cxb3 29. Qxb3 Rc3 30. Bb2 d4 31. e5 Qxf4 32. e6 h6 33. e7 Rxb3 34. axb3 hxg5
35. Rxd4 Qf1+ 36. Ka2 Kh7 37. Rd8 Be4 38. exf8=N+ Kh6 39. hxg5+ Kh5 0-1

[Event "PRVA LIGA CS 2020"]
[Site "Bajina basta"]
[Date "2020.10.12"]
[Round "4.5"]
[White "Radovanovic, Jovica"]
[Black "Pavlovic, Goran"]
[Result "1/2-1/2"]
[WhiteElo "2303"]
[BlackElo "2345"]
[PlyCount "34"]
[EventDate "2020.10.10"]
[WhiteTeam "VSK 2005 - Valjevo"]
[BlackTeam "RUDAR - Kostolac"]

1. d4 d5 2. c4 c6 3. Nf3 Nf6 4. Nc3 dxc4 5. a4 Bf5 6. e3 e6 7. Bxc4 Bb4 8. O-O
O-O 9. Qe2 Nbd7 10. e4 Bg4 11. Rd1 Rc8 12. h3 Bh5 13. Na2 Be7 14. Nc3 Bb4 15.
Na2 Be7 16. b4 Bg6 17. Bd3 a5 1/2-1/2